The law of domestic inquiries and dismissals

Bibliographic Details
Main Author: Syed Ahmad Idid Syed Abdullah Idid Dato' (Author)
Format: Book
Language:English
Published: Petaling Jaya Pelanduk c1997
Subjects:

MARC

LEADER 00000cam a2200000 7i4500
001 0000033713
008 021119s1997 my eng
020 |a 9679782077 
050 0 0 |a d42 KPG1220  |b .S9 1997 
090 0 0 |a d42 KPG1220  |b .S9 1997 
100 0 |a Syed Ahmad Idid Syed Abdullah Idid  |c Dato'  |e author 
245 1 4 |a The law of domestic inquiries and dismissals  |c Syed Ahmad Idid 
260 2 |a Petaling Jaya  |b Pelanduk  |c c1997 
300 |a xxxix, 263 p.  |c 22 cm 
650 0 |a Employees  |x Dismissal of  |x Law and legislation  |z Malaysia 
650 0 |a Industrial relations  |x Law and legislation  |z Malaysia 
650 0 |a Labor discipline  |x Law and legislation  |z Malaysia 
650 0 |a Labor discipline  |z Malaysia 
650 0 |a Labor disputes  |x Law and legislation  |z Malaysia 
999 |a 1000065916  |b Book  |c OPEN SHELF (30 DAYS)  |e Gong Badak Campus